1174 1911 1494 1438 1805 1239 1303 1312 1509 1619 1668 1249 1964 1860 1423 1162 1033 1695 1462 1497 1144 1137 1964 1607 1662 1014 1952 1159 1945 1782 1463 1966 1018 1023 1793 1748 1256 1384 1336 1692 1216 1328 1970 1082 1506 1281 1810 1466 1907 1309 1009 1636 1944 1486 1011 1277 1885 1396 1092 1768 1343 1567 1295 1982 1522 1900 1348 1798 1556 1570 1461 1795 1453 1199 1669 1143 1015 1166 1744 1511 1438 1798 1948 1076 1879 1070 1493 1686 1055 1492 1853 1738 1346 1178 1050 1356 1101 1274 1748 BCNSPRNW ULIB Ver.6.0+V

เปลี่ยนเป็นภาษาไทย

Change to English
 แสดงรายละเอียดบรรณานุกรม
  กลับหน้าหลัก

Brief Record : Get Marc (ISO 2709) : E-mail record : QR code < ปิดหน้าต่าง
LEADER : 00000nam 2200000uu 4500
001    13399123237
003     ULIB
008    020711s2555 th a 000 0 tha d
020    9786167323695
060    WK810^bว836ง
100    วีระวัฒน์ พันธ์ครุฑ,^eบรรณาธิการ
245    งานวิจัยการดูแลผู้ป่วยโรคเบาหวาน R2R Diadetic Care/^cสำนักงานหลักประกันสุขภาพแห่งชาติ
250    พิมพ์ครั้งที่ 1
260    กรุงเทพฯ :^bสำนักงานหลักประกันสุขภาพแห่งชาติ,^c2555
300    167 หน้า;^b26 ซม.
650    โรคเบาหวาน
650    การดูแลผู้ป่วยโรคเบาหวาน
700    รัชนีวัลย์ สมจิตรานุกิจ,^eบรรณาธิการร่วม
710    สำนักงานหลักประกันสุขภาพแห่งชาติ
945    ^p0^l0^i20377
945    ^p0^l0^i20378
945    ^p0^l0^i20379
945    ^p0^l0^i20380
945    ^p0^l0^i20381
รายการนี้ยังไม่มีแท็ก
คุณยังไม่ได้ล็อกอิน คุณสามารถมีกิจกรรมร่วมกับเว็บไซต์ได้ แต่ต้องล็อกอินก่อน ::
  ล็อกอิน

รายการสื่อสารสนเทศ

ลำดับที่ ประเภท เลขเรียก/บาร์โค้ด สถานที่ สถานะ
1. วิทยาศาสตร์การแพทย์ และสุขภาพ
วิทยาศาสตร์การแพทย์ และสุขภาพ
สถานะ=หนังสือเก่า
WK810 ว836ง ฉ.1 
  Barcode: 20377
ห้องสมุดวิทยาเขตนครสวรรค์
►ส่วนจัดเก็บหนังสือเก่า นว.
บนชั้น
  ขอยืม
2. วิทยาศาสตร์การแพทย์ และสุขภาพ
วิทยาศาสตร์การแพทย์ และสุขภาพ
สถานะ=หนังสือเก่า
WK810 ว836ง ฉ.2 
  Barcode: 20378
ห้องสมุดวิทยาเขตนครสวรรค์
►ส่วนจัดเก็บหนังสือเก่า นว.
บนชั้น
  ขอยืม
3. วิทยาศาสตร์การแพทย์ และสุขภาพ
วิทยาศาสตร์การแพทย์ และสุขภาพ
สถานะ=หนังสือเก่า
WK810 ว836ง ฉ.3 
  Barcode: 20379
ห้องสมุดวิทยาเขตนครสวรรค์
►ส่วนจัดเก็บหนังสือเก่า นว.
บนชั้น
  ขอยืม
4. วิทยาศาสตร์การแพทย์ และสุขภาพ
วิทยาศาสตร์การแพทย์ และสุขภาพ
สถานะ=หนังสือเก่า
WK810 ว836ง ฉ.4 
  Barcode: 20380
ห้องสมุดวิทยาเขตนครสวรรค์
►ส่วนจัดเก็บหนังสือเก่า นว.
บนชั้น
  ขอยืม
5. วิทยาศาสตร์การแพทย์ และสุขภาพ
วิทยาศาสตร์การแพทย์ และสุขภาพ
สถานะ=หนังสือเก่า
WK810 ว836ง ฉ.5 
  Barcode: 20381
ห้องสมุดวิทยาเขตนครสวรรค์
►ส่วนจัดเก็บหนังสือเก่า นว.
บนชั้น
  ขอยืม

รายการใกล้เคียง
    หัวเรื่อง [โรคเบาหวาน]
    หัวเรื่อง [การดูแลผู้ป่วยโรคเบาหวาน]

BibComment


ยังไม่เคยถูกคอมเมนท์

คอมเมนท์ทรัพยากรรายการนี้
  คอมเมนท์: งานวิจัยการดูแลผู..


 Copyright 2026. Bcnsprnw @Library